000 00469nam a2200157Ia 4500
008 210716s2010 xx 000 0 und d
020 _a198063571
041 _aeng
082 _a621.3916 SHAS
100 _aShah, Satish.
245 _a8051 microcontrollers: MCS 51 family and its variants.
_bMCS 51 family and its variants.
250 _a1
260 _aNew York
_bOxford University Press
_c2010
300 _axvi,608
650 _aMicrocontrollers & Microprocessors
999 _c190965
_d190965